000 01811nam a22002297a 4500
999 _c3608
_d3608
003 OSt
005 20240229084220.0
008 240229b ||||| |||| 00| 0 eng d
020 _a9789620434587
040 _cKH8
082 _a400 MA
100 _aMa, Yamin,
_eauthor.
245 _aChinese Made Easy:
_bTextbook 1 /
_cYamin Ma, Shang Xiaomeng and Wang Arthur.
260 _aHong Kong;
_bJoint Publishing,
_c2014.
300 _a152 pages:
_c8.3 x 0.5 x 10.9 inches.
520 _aChinese Made Easy adpots a unique approach to teaching Chinese as a foreign language. The teaching approach adapts widely-accepted foreign language teaching theories to the teaching of the Chinese language. This series is designed for young students taking exams such as SAT II, IGCSE, IB, HSK or for those students who are starting to learn Chinese on their own. The primary goal of the 3rd series is to help students establish a solid foundation of vocabulary, grammar, knowledge of Chinese and communication skills through natural and graduate integration of language, content and culture. The simultaneous development of listening, speaking, reading and writing is especially emphasized. The aim is to help students develop skills to communicate in Chinese in authentic contexts and express their viewpoints appropriately, precisely, logically and coherently. The unique characteristic of the 3rd edition is that the programme allows the teacher to use a combination of various effective teaching approaches, including the Communicative Approach and a task-based approach, while taking into account the Chinese language system.
650 _aChinese language
_vMandarin language
650 _aChinese language
_vCoursebook
700 _aXiaomeng, Shang,
_eauthor.
700 _aArthur, Wang,
_eauthor.
942 _2ddc
_cTR